000 00681nam a2200217Ii 4500
003 JO-AjNU
008 230605s9999||||xx |||||||||||||| ||und||
017 _a1998/2/188
040 _aJO-AjNU
_bara
_erda
_cJO-AjNU
041 _aara
050 1 4 _aPJ7804.H18 A17 1998
100 3 _aكامل، عبد الهادي؛ تقديم غياث عبد الهادي كامل,
_eauthor
_952117
245 0 0 _aقلب شاعر
250 _aط1
264 3 1 _aد.م: د.ن، 1998
300 _a254ص
336 _atext
_btxt
_2rdacontent
337 _aunmediated
_bn
_2rdamedia
338 _avolume
_bnc
_2rdacarrier
650 4 _aالشعر العربي - فلسطين - القرن 20
_952118
999 _aA23067
_c26635
_d26635